[Event "FBL 1"]
[Site "Deutschland"]
[Date "2013.01.20"]
[Round "7.3"]
[White "Heinatz, Gundula"]
[Black "Schleining, Zoya"]
[Result "1/2-1/2"]
[WhiteElo "2197"]
[BlackElo "2340"]
[PlyCount "68"]
[EventDate "2012.10.06"]
[WhiteTeam "Karlsruher SF 1853"]
[BlackTeam "Schachverein Muelheim Nord 1931"]
[WhiteTeamCountry "GER"]
[BlackTeamCountry "GER"]

1. d4 Nf6 2. Nf3 g6 3. Bg5 Bg7 4. c3 O-O 5. Nbd2 d5 6. e3 b6 7. Ne5 Bb7 8. f4
c5 9. Qf3 Nc6 10. Bd3 Ne8 11. Bh4 Nxe5 12. fxe5 Qd7 13. O-O Nc7 14. Qg3 Rae8
15. Nf3 f6 16. h3 Ne6 17. Qg4 f5 18. Qg3 f4 19. Qe1 Bh6 20. Bf2 Bc6 21. b3 Rc8
22. e4 cxd4 23. Bxd4 Bg7 24. Rd1 Qb7 25. exd5 Bxd5 26. Qe2 Rcd8 27. Ba6 Qc7 28.
Rfe1 Kh8 29. h4 Qc6 30. Bb5 Qa8 31. Kf2 Bc6 32. Bc4 Bd5 33. Bb5 Bc6 34. Bc4 Bd5
1/2-1/2

[Event "FBL 1"]
[Site "Deutschland"]
[Date "2013.01.20"]
[Round "7.4"]
[White "Zozulia, Anna"]
[Black "Kiefhaber, Veronika"]
[Result "1-0"]
[WhiteElo "2346"]
[BlackElo "2229"]
[PlyCount "205"]
[EventDate "2012.10.06"]
[WhiteTeam "Schachverein Muelheim Nord 1931"]
[BlackTeam "Karlsruher SF 1853"]
[WhiteTeamCountry "GER"]
[BlackTeamCountry "GER"]

1. e4 c5 2. Nf3 g6 3. d4 cxd4 4. Nxd4 Nc6 5. Nc3 Bg7 6. Be3 Nf6 7. Nb3 O-O 8.
Be2 a5 9. a3 a4 10. Nc1 d6 11. O-O Bd7 12. Nd3 Na5 13. e5 Ne8 14. Nd5 Bc6 15.
Nb6 dxe5 16. Nxa8 Qxa8 17. Nb4 Nd6 18. Nd5 Bxd5 19. Qxd5 Nc6 20. c3 Rc8 21. Bb6
Nd8 22. Rad1 Ne6 23. Qa5 Nf4 24. Rfe1 Qxa5 25. Bxa5 f5 26. Bb4 Nxe2+ 27. Rxe2
Rc6 28. Rd5 Kf7 29. Ra5 b5 30. f3 Rb6 31. Ra7 Ke6 32. Rd2 Bh6 33. Rd1 Be3+ 34.
Kf1 h5 35. Ke2 Bg5 36. Rc7 e4 37. fxe4 fxe4 38. Bc5 Rb8 39. Rd4 Bf6 40. Rd1 Nc4
41. Rdd7 Re8 42. Rd1 Nxb2 43. Rc6+ Kf7 44. Rb1 Bxc3 45. Be3 Bf6 46. Rxf6+ exf6
47. Rxb2 Re5 48. Bd4 Rd5 49. Ke3 f5 50. h4 Ke6 51. Rc2 Rd8 52. Rc7 Rb8 53. Bc5
Ke5 54. Re7+ Kd5 55. Bb4 Kc4 56. Re6 Rg8 57. Kf4 Kd3 58. Rd6+ Ke2 59. Rd2+ Kf1
60. Kg3 e3 61. Rc2 Re8 62. Rc1+ Ke2 63. Re1+ Kd3 64. Kf3 e2 65. Rc1 Re4 66. Be1
Re3+ 67. Kf2 Re4 68. Rc3+ Kd4 69. Rc2 Rxh4 70. Kxe2 Re4+ 71. Kf2 h4 72. Rd2+
Kc4 73. Rd6 Rg4 74. Bb4 Rf4+ 75. Ke3 Rg4 76. Kf2 Rf4+ 77. Ke2 Rg4 78. Kf3 Kb3
79. Rd3+ Kc4 80. Rc3+ Kd4 81. Rc5 Rg3+ 82. Kf2 Rb3 83. Rxb5 Ke4 84. Ra5 Rb2+
85. Kg1 h3 86. gxh3 Kf3 87. Kf1 Rh2 88. Ke1 Rxh3 89. Rxa4 Rh4 90. Ra5 Re4+ 91.
Kd2 Kg4 92. Kd3 Re6 93. a4 f4 94. Bc5 g5 95. Ra8 Kf3 96. a5 g4 97. a6 g3 98. a7
g2 99. Rg8 Ra6 100. a8=Q+ Rxa8 101. Rxa8 Kg3 102. Rg8+ Kf3 103. Kd2 1-0

[Event "FBL 1"]
[Site "Deutschland"]
[Date "2013.01.20"]
[Round "7.5"]
[White "Lauterbach, Ingrid"]
[Black "Kalinina, Olga"]
[Result "0-1"]
[WhiteElo "2143"]
[BlackElo "2259"]
[PlyCount "58"]
[EventDate "2012.10.06"]
[WhiteTeam "Karlsruher SF 1853"]
[BlackTeam "Schachverein Muelheim Nord 1931"]
[WhiteTeamCountry "GER"]
[BlackTeamCountry "GER"]

1. e4 d6 2. d4 Nf6 3. f3 e5 4. d5 Be7 5. c4 Nbd7 6. Nc3 O-O 7. Be3 c6 8. Qd2
cxd5 9. exd5 Nh5 10. Nh3 Nb6 11. g4 Bh4+ 12. Kd1 Nf6 13. Bg5 Bxg5 14. Qxg5 Re8
15. Nf2 Nfxd5 16. Qd2 Nxc3+ 17. Qxc3 Be6 18. b3 d5 19. c5 d4 20. Qa5 Qd5 21.
Be2 Nd7 22. b4 d3 23. Nxd3 e4 24. fxe4 Qxe4 25. Kd2 Rad8 26. c6 Ne5 27. Qxa7
Nxd3 28. c7 Qxb4+ 29. Ke3 Qf4# 0-1

[Event "FBL 1"]
[Site "Deutschland"]
[Date "2013.01.20"]
[Round "7.6"]
[White "Voyska, Margarita"]
[Black "Brendel, Bergit"]
[Result "1/2-1/2"]
[WhiteElo "2284"]
[BlackElo "2094"]
[PlyCount "168"]
[EventDate "2012.10.06"]
[WhiteTeam "Schachverein Muelheim Nord 1931"]
[BlackTeam "Karlsruher SF 1853"]
[WhiteTeamCountry "GER"]
[BlackTeamCountry "GER"]

1. d4 d5 2. c4 e6 3. Nf3 c5 4. cxd5 exd5 5. g3 Nc6 6. Bg2 Nf6 7. O-O Be7 8.
dxc5 Bxc5 9. Nbd2 O-O 10. Nb3 Bb6 11. Nbd4 Ne4 12. Be3 Bg4 13. Nxc6 bxc6 14.
Nd4 Bxd4 15. Bxd4 Bf5 16. Rc1 Qd7 17. Qa4 Rfc8 18. Rfd1 Qe6 19. Qa3 Bh3 20. Bh1
Ng5 21. Be3 Ne4 22. Qa6 h5 23. Rd4 h4 24. Bxe4 dxe4 25. Qc4 hxg3 26. hxg3 Qg6
27. Rxe4 Be6 28. Qa4 Bxa2 29. Rg4 Qe6 30. Qd4 f6 31. Re4 Qd5 32. Re7 Qxd4 33.
Bxd4 a5 34. f3 Rd8 35. e3 Rac8 36. g4 Bf7 37. Ra1 c5 38. Bc3 Re8 39. Rxe8+ Rxe8
40. e4 Ra8 41. Bxa5 Be6 42. Ra3 g5 43. Bc3 Rxa3 44. bxa3 Kf7 45. a4 Bc4 46. Kf2
Ke6 47. Ke3 Bf1 48. a5 Ba6 49. Bb2 Bb5 50. Ba3 Kd6 51. Bc1 Ke5 52. Bd2 Ba6 53.
Be1 Bb5 54. Bg3+ Ke6 55. f4 gxf4+ 56. Kxf4 Ba6 57. Bf2 Kd6 58. Bg3 Ke6 59. Be1
Bb7 60. Bd2 Ba6 61. Kf3 Ke5 62. Ke3 Bb7 63. Bc3+ Ke6 64. Be1 Ba6 65. Bg3 Bb5
66. Bf4 Ba6 67. Bh6 Ke7 68. Kf4 Bb7 69. Kf3 Ba6 70. Bf4 Bb5 71. Bc7 Ba6 72. Bb6
Kd6 73. Kf4 Bc8 74. Ba7 Bb7 75. Bb8+ Ke6 76. e5 fxe5+ 77. Bxe5 Kd7 78. g5 Bd5
79. g6 Kc6 80. g7 c4 81. Ke3 Kb7 82. Kd4 Bg8 83. Kc5 c3 84. Bxc3 Ka8 1/2-1/2

[Event "FBL 1"]
[Site "Deutschland"]
[Date "2013.01.20"]
[Round "7.1"]
[White "Zatonskih, Anna"]
[Black "Wirths, Clara"]
[Result "1-0"]
[WhiteElo "2512"]
[BlackElo "2022"]
[PlyCount "71"]
[EventDate "2012.10.06"]
[WhiteTeam "OSG Baden Baden"]
[BlackTeam "Schachverein Wattenscheid 1930"]
[WhiteTeamCountry "GER"]
[BlackTeamCountry "GER"]

1. d4 Nf6 2. c4 e6 3. Nc3 Bb4 4. Qc2 O-O 5. Nf3 d5 6. cxd5 exd5 7. Bg5 c6 8. e3
Nbd7 9. Bd3 h6 10. Bh4 Re8 11. O-O Nf8 12. a3 Bd6 13. Bg3 Bxg3 14. hxg3 Ne6 15.
b4 a6 16. a4 Ng5 17. Rfb1 Ng4 18. b5 Qf6 19. Qe2 Ne4 20. Bxe4 dxe4 21. Nd2 Qg6
22. bxc6 Qxc6 23. Ra3 Nf6 24. a5 Bd7 25. Nc4 Be6 26. Ne5 Qc7 27. Qb2 Rab8 28.
Qb6 Rec8 29. Qxc7 Rxc7 30. Na4 Nd7 31. Nxd7 Bxd7 32. Nc5 Bb5 33. Nxe4 b6 34.
axb6 Rxb6 35. Nc3 Kf8 36. Nd5 1-0

[Event "FBL 1"]
[Site "Deutschland"]
[Date "2013.01.20"]
[Round "7.2"]
[White "Henrichs, Wenke"]
[Black "Kachiani Gersinska, Ketino"]
[Result "0-1"]
[WhiteElo "2067"]
[BlackElo "2366"]
[PlyCount "104"]
[EventDate "2012.10.06"]
[WhiteTeam "Schachverein Wattenscheid 1930"]
[BlackTeam "OSG Baden Baden"]
[WhiteTeamCountry "GER"]
[BlackTeamCountry "GER"]

1. d4 Nf6 2. c4 c5 3. d5 e5 4. Nc3 d6 5. e4 Nbd7 6. Nf3 Be7 7. h3 Nf8 8. Be3
Ng6 9. Qd2 h6 10. Rd1 Nh7 11. Bd3 Ng5 12. Nxg5 hxg5 13. f3 g4 14. fxg4 Bxg4 15.
Rb1 Bh4+ 16. Kf1 Bg3 17. Kg1 Nf4 18. Be2 Bd7 19. Bf3 a5 20. a4 g6 21. b3 Qh4
22. Bxf4 Bxf4 23. Qf2 Qg5 24. Kf1 Be3 25. Qc2 f5 26. Ke2 Bd4 27. Qd2 Qg3 28.
Nb5 Bxb5 29. cxb5 O-O 30. Qe1 Qf4 31. Kd3 Kg7 32. Rf1 Qg5 33. Qd2 Qg3 34. Rbe1
c4+ 35. bxc4 Bc5 36. Re2 Bb4 37. Qe3 fxe4+ 38. Qxe4 Rf4 39. Qe3 e4+ 40. Kc2
exf3 41. Rxf3 Rxf3 42. gxf3 Rf8 43. Qd4+ Kh6 44. Re7 Rxf3 45. Qh8+ Kg5 46. h4+
Qxh4 47. Qxh4+ Kxh4 48. Rxb7 Rc3+ 49. Kd1 Rxc4 50. Rb8 Bc5 51. Ke2 Rxa4 52. Rc8
Rb4 0-1

[Event "FBL 1"]
[Site "Deutschland"]
[Date "2013.01.20"]
[Round "7.4"]
[White "Huppertz, Andrea"]
[Black "Sedina, Elena"]
[Result "0-1"]
[WhiteElo "1864"]
[BlackElo "2340"]
[PlyCount "74"]
[EventDate "2012.10.06"]
[WhiteTeam "Schachverein Wattenscheid 1930"]
[BlackTeam "OSG Baden Baden"]
[WhiteTeamCountry "GER"]
[BlackTeamCountry "GER"]

1. d4 Nf6 2. Nf3 c5 3. d5 b5 4. Bf4 Bb7 5. d6 Qb6 6. dxe7 Bxe7 7. e3 O-O 8. Be2
d5 9. O-O Nbd7 10. h3 Ne4 11. Nbd2 Rad8 12. Nxe4 dxe4 13. Nd2 Bf6 14. c4 Ne5
15. Bxe5 Bxe5 16. Qc2 b4 17. Rad1 f5 18. Rfe1 f4 19. exf4 Rxf4 20. Nf1 Rdf8 21.
Bg4 Rxf2 22. Rd2 Bd4 23. Ne3 Bxe3 24. Rxe3 Rf1+ 25. Kh2 Qh6 26. Rde2 Qf4+ 27.
g3 Qf2+ 28. Rxf2 R8xf2+ 29. Qxf2 Rxf2+ 30. Kg1 Rxb2 31. a3 Kf7 32. Bf5 g6 33.
Bg4 Kf6 34. axb4 cxb4 35. Be2 Ke5 36. h4 Kd4 37. Kf2 Ba6 0-1

[Event "FBL 1"]
[Site "Deutschland"]
[Date "2013.01.20"]
[Round "7.5"]
[White "Borulya, Ekaterina Uriivna"]
[Black "Kraus, Tanja"]
[Result "1/2-1/2"]
[WhiteElo "2308"]
[BlackElo "1916"]
[PlyCount "60"]
[EventDate "2012.10.06"]
[WhiteTeam "OSG Baden Baden"]
[BlackTeam "Schachverein Wattenscheid 1930"]
[WhiteTeamCountry "GER"]
[BlackTeamCountry "GER"]

1. e4 Nf6 2. e5 Nd5 3. d4 d6 4. c4 Nb6 5. exd6 exd6 6. Nc3 Nc6 7. h3 Bf5 8. Be3
Be7 9. Nf3 O-O 10. Bd3 Bxd3 11. Qxd3 f5 12. d5 Ne5 13. Nxe5 dxe5 14. O-O f4 15.
Bxb6 axb6 16. Qf3 Bc5 17. Rfb1 Qd7 18. Ne4 Be7 19. b4 Rfd8 20. Qh5 Bf6 21. Rd1
Qf7 22. Qf5 Be7 23. Qxf7+ Kxf7 24. c5 bxc5 25. bxc5 Ra4 26. f3 Rd4 27. d6 cxd6
28. cxd6 Bxd6 29. Rxd4 exd4 30. Rb1 Ba3 1/2-1/2

[Event "FBL 1"]
[Site "Deutschland"]
[Date "2013.01.20"]
[Round "7.6"]
[White "Buechle, Regina"]
[Black "Tammert, Iamze"]
[Result "1/2-1/2"]
[WhiteElo "1977"]
[BlackElo "2305"]
[PlyCount "31"]
[EventDate "2012.10.06"]
[WhiteTeam "Schachverein Wattenscheid 1930"]
[BlackTeam "OSG Baden Baden"]
[WhiteTeamCountry "GER"]
[BlackTeamCountry "GER"]

1. d4 d5 2. Nf3 Nf6 3. c4 c6 4. Nc3 dxc4 5. e3 b5 6. a4 Qb6 7. Ne5 Nbd7 8. axb5
cxb5 9. b3 e6 10. bxc4 bxc4 11. Nxc4 Qc6 12. Qa4 Bb7 13. Bd2 Qxa4 14. Rxa4 Bc6
15. Ra6 Bb7 16. Ra1 1/2-1/2

[Event "FBL 1"]
[Site "Deutschland"]
[Date "2013.01.20"]
[Round "7.1"]
[White "Skripchenko, Almira"]
[Black "Kochetkova, Julia"]
[Result "1/2-1/2"]
[WhiteElo "2443"]
[BlackElo "2305"]
[PlyCount "73"]
[EventDate "2012.10.06"]
[WhiteTeam "SF 1891 Friedberg"]
[BlackTeam "Rodewischer Schachmiezen"]
[WhiteTeamCountry "GER"]
[BlackTeamCountry "GER"]

1. e4 c5 2. Nc3 e6 3. Nf3 Nc6 4. Bb5 Qc7 5. O-O Nf6 6. Re1 Ng4 7. Bxc6 bxc6 8.
d3 Bd6 9. h3 Ne5 10. Nxe5 Bxe5 11. f4 Bxf4 12. Bxf4 Qxf4 13. e5 d5 14. exd6
Qxd6 15. Ne4 Qd5 16. Qd2 O-O 17. Qf2 e5 18. Nxc5 Be6 19. Re2 Rfe8 20. Rae1 Qxa2
21. b3 f6 22. d4 Bf7 23. dxe5 Rxe5 24. Rxe5 fxe5 25. Rxe5 Bg6 26. Qd4 Qxc2 27.
Re7 Bf7 28. b4 Qg6 29. Re4 h5 30. Nd3 Bd5 31. Re2 Rf8 32. Ne5 Qb1+ 33. Kh2 Rb8
34. Nd3 Rf8 35. Re7 Rf7 36. Re8+ Rf8 37. Re7 1/2-1/2

[Event "FBL 1"]
[Site "Deutschland"]
[Date "2013.01.20"]
[Round "7.2"]
[White "Korenova, Martina"]
[Black "Ohme, Melanie"]
[Result "1/2-1/2"]
[WhiteElo "2214"]
[BlackElo "2337"]
[PlyCount "48"]
[EventDate "2012.10.06"]
[WhiteTeam "Rodewischer Schachmiezen"]
[BlackTeam "SF 1891 Friedberg"]
[WhiteTeamCountry "GER"]
[BlackTeamCountry "GER"]

1. Nf3 Nf6 2. g3 g6 3. Bg2 Bg7 4. O-O O-O 5. d3 d6 6. e4 c5 7. Re1 Nc6 8. c3 e5
9. Nbd2 Re8 10. a4 a6 11. Nc4 Be6 12. Ng5 Rb8 13. Nxe6 fxe6 14. Bg5 b5 15. axb5
axb5 16. Nd2 Qd7 17. Bh3 Nd8 18. Qb3 Nf7 19. Bxf6 Bxf6 20. Ra2 b4 21. Qc4 Rb7
22. Rea1 Ng5 23. Bg2 Reb8 24. f4 Nf7 1/2-1/2

[Event "FBL 1"]
[Site "Deutschland"]
[Date "2013.01.20"]
[Round "7.4"]
[White "Kubikova, Alena"]
[Black "Gara, Ticia"]
[Result "0-1"]
[WhiteElo "2095"]
[BlackElo "2385"]
[PlyCount "52"]
[EventDate "2012.10.06"]
[WhiteTeam "Rodewischer Schachmiezen"]
[BlackTeam "SF 1891 Friedberg"]
[WhiteTeamCountry "GER"]
[BlackTeamCountry "GER"]

1. e4 c5 2. Nf3 d6 3. d4 cxd4 4. Nxd4 Nf6 5. Nc3 Nc6 6. Bc4 e6 7. Bb3 a6 8. f4
Na5 9. Be3 Nxb3 10. Nxb3 b5 11. e5 b4 12. exf6 bxc3 13. fxg7 Bxg7 14. Bd4 cxb2
15. Rb1 Rg8 16. Bxg7 Rxg7 17. Qf3 Rb8 18. Qc3 Kf8 19. O-O Qb6+ 20. Rf2 Bb7 21.
Nd4 Bd5 22. a4 Ba2 23. a5 Qc5 24. Qxc5 dxc5 25. Nc6 Bxb1 26. Nxb8 Bxc2 0-1

[Event "FBL 1"]
[Site "Deutschland"]
[Date "2013.01.20"]
[Round "7.5"]
[White "Nikolova, Adriana"]
[Black "Kubikova, Hana"]
[Result "1-0"]
[WhiteElo "2292"]
[BlackElo "2145"]
[PlyCount "45"]
[EventDate "2012.10.06"]
[WhiteTeam "SF 1891 Friedberg"]
[BlackTeam "Rodewischer Schachmiezen"]
[WhiteTeamCountry "GER"]
[BlackTeamCountry "GER"]

1. e4 c5 2. Nf3 Nf6 3. e5 Nd5 4. d4 cxd4 5. c3 e6 6. cxd4 b6 7. Bd3 Bb7 8. O-O
Be7 9. Nbd2 O-O 10. Ne4 f5 11. exf6 Nxf6 12. Qe2 Qc7 13. Bg5 Nc6 14. Rac1 Rae8
15. Nxf6+ Bxf6 16. Qe4 g6 17. Bxf6 Rxf6 18. d5 Ref8 19. dxc6 Bxc6 20. Bb5 Bxe4
21. Rxc7 Rf4 22. Bxd7 Bd5 23. Ng5 1-0

[Event "FBL 1"]
[Site "Deutschland"]
[Date "2013.01.20"]
[Round "7.6"]
[White "Sandner, Heike"]
[Black "Bulmaga, Irina"]
[Result "0-1"]
[WhiteElo "1986"]
[BlackElo "2386"]
[PlyCount "64"]
[EventDate "2012.10.06"]
[WhiteTeam "Rodewischer Schachmiezen"]
[BlackTeam "SF 1891 Friedberg"]
[WhiteTeamCountry "GER"]
[BlackTeamCountry "GER"]

1. e4 c5 2. Nf3 d6 3. d4 cxd4 4. Nxd4 Nf6 5. Nc3 a6 6. a3 e5 7. Nf3 h6 8. Be2
Be6 9. O-O Be7 10. Be3 O-O 11. h3 Nbd7 12. Nd2 b5 13. f4 exf4 14. Bxf4 Ne5 15.
Nb3 Rc8 16. Nd4 Qb6 17. Be3 Qb7 18. Bf3 b4 19. axb4 Qxb4 20. Rxa6 Qxb2 21. Nd5
Bxd5 22. exd5 Qb7 23. Ra3 Rfe8 24. Nf5 Bf8 25. Ra7 Qb2 26. Rf2 Nxf3+ 27. gxf3
Qc3 28. Re2 Re5 29. Bd4 Rxd5 30. Bxc3 Rxd1+ 31. Be1 d5 32. Kf2 Bc5+ 0-1

[Event "FBL 1"]
[Site "Deutschland"]
[Date "2013.01.20"]
[Round "7.1"]
[White "Foisor, Cristina Adela"]
[Black "Paehtz, Elisabeth"]
[Result "1/2-1/2"]
[WhiteElo "2398"]
[BlackElo "2483"]
[PlyCount "46"]
[EventDate "2012.10.06"]
[WhiteTeam "SF Deizisau"]
[BlackTeam "SC Bad Koenigshofen 1957"]
[WhiteTeamCountry "GER"]
[BlackTeamCountry "GER"]

1. g3 g6 2. Bg2 Bg7 3. c4 d6 4. Nc3 Nf6 5. d3 O-O 6. e4 c5 7. Nge2 Nc6 8. Rb1
Bd7 9. a3 a5 10. h3 Ne8 11. O-O Nc7 12. Kh2 Rb8 13. a4 Na6 14. b3 e6 15. Nb5
Qe7 16. Bb2 Rbd8 17. Qd2 Bxb2 18. Rxb2 Nab4 19. f4 f5 20. exf5 gxf5 21. d4 cxd4
22. Nexd4 Nxd4 23. Nxd4 b6 1/2-1/2

[Event "FBL 1"]
[Site "Deutschland"]
[Date "2013.01.20"]
[Round "7.2"]
[White "Girya, Olga"]
[Black "Nebolsina, Vera"]
[Result "1/2-1/2"]
[WhiteElo "2440"]
[BlackElo "2270"]
[PlyCount "70"]
[EventDate "2012.10.06"]
[WhiteTeam "SC Bad Koenigshofen 1957"]
[BlackTeam "SF Deizisau"]
[WhiteTeamCountry "GER"]
[BlackTeamCountry "GER"]

1. d4 d5 2. c4 c6 3. Nf3 Nf6 4. Nc3 e6 5. Bg5 Nbd7 6. cxd5 exd5 7. e3 Be7 8.
Qc2 Nh5 9. Bxe7 Qxe7 10. Be2 g6 11. O-O Ndf6 12. Ne5 Ng7 13. Qa4 O-O 14. b4 Nf5
15. Rac1 Nd7 16. Nxd7 Bxd7 17. b5 Nd6 18. Qb3 f5 19. Rfe1 f4 20. exf4 Qf6 21.
Bf3 Qxf4 22. bxc6 bxc6 23. Nxd5 cxd5 24. Bxd5+ Nf7 25. Bxa8 Rxa8 26. d5 Rb8 27.
Qe3 Qa4 28. Rc7 Re8 29. Qc1 Ne5 30. h3 Qa5 31. Kh1 Qxd5 32. Qd1 Nd3 33. Rxe8+
Bxe8 34. Qb3 Qxb3 35. axb3 Bf7 1/2-1/2

[Event "FBL 1"]
[Site "Deutschland"]
[Date "2013.01.20"]
[Round "7.3"]
[White "Misanovic, Vesna"]
[Black "Savina, Anastasia"]
[Result "1-0"]
[WhiteElo "2326"]
[BlackElo "2303"]
[PlyCount "83"]
[EventDate "2012.10.06"]
[WhiteTeam "SF Deizisau"]
[BlackTeam "SC Bad Koenigshofen 1957"]
[WhiteTeamCountry "GER"]
[BlackTeamCountry "GER"]

1. d4 Nf6 2. c4 g6 3. Nc3 Bg7 4. e4 d6 5. Bd3 O-O 6. Nge2 Nc6 7. O-O Nd7 8. Bc2
e5 9. d5 Nd4 10. Be3 Nxc2 11. Qxc2 f5 12. exf5 gxf5 13. f4 Nf6 14. h3 Nh5 15.
Kh2 Qe7 16. Rae1 Bd7 17. a3 Rae8 18. Qd2 Rf7 19. b4 b6 20. a4 Qh4 21. g3 Qd8
22. c5 Nf6 23. Qc2 h5 24. Rg1 Kh8 25. c6 Bc8 26. Nb5 Nxd5 27. Bd2 a6 28. Na3 h4
29. Qd3 e4 30. Qc4 Be6 31. Qxa6 Qa8 32. Qb5 Bf6 33. Nc2 hxg3+ 34. Rxg3 Bh4 35.
Ncd4 Bxg3+ 36. Nxg3 Qc8 37. a5 bxa5 38. bxa5 Rg8 39. Ndxf5 Bxf5 40. Qxd5 Bxh3
41. Bc3+ Rgg7 42. Qxf7 1-0

[Event "FBL 1"]
[Site "Deutschland"]
[Date "2013.01.20"]
[Round "7.4"]
[White "Zakurdjaeva, Irina"]
[Black "Manakov, Marina"]
[Result "1-0"]
[WhiteElo "2248"]
[BlackElo "2294"]
[PlyCount "71"]
[EventDate "2012.10.06"]
[WhiteTeam "SC Bad Koenigshofen 1957"]
[BlackTeam "SF Deizisau"]
[WhiteTeamCountry "GER"]
[BlackTeamCountry "GER"]

1. e4 c6 2. d4 d5 3. e5 c5 4. dxc5 Nc6 5. Nf3 e6 6. Be3 Qc7 7. Bb5 Nge7 8. Nbd2
Bd7 9. c4 Nf5 10. Qe2 Nxe3 11. Qxe3 d4 12. Qg5 h6 13. Qg3 Bxc5 14. Qxg7 O-O-O
15. O-O Rhg8 16. Qf6 Rg6 17. Qxf7 Rdg8 18. Ne4 Rxg2+ 19. Kh1 R2g7 20. Qh5 Bf8
21. Nf6 Rh8 22. Rg1 a6 23. Nxd7 Qxd7 24. Ba4 Bc5 25. Rxg7 Qxg7 26. Rg1 Qe7 27.
Qg6 Nd8 28. Qe4 Rf8 29. Rd1 Kb8 30. a3 Rf5 31. b4 Qf7 32. bxc5 Rf4 33. Qd3 Rxf3
34. Qxd4 Nc6 35. Bxc6 bxc6 36. Qd8+ 1-0

[Event "FBL 1"]
[Site "Deutschland"]
[Date "2013.01.20"]
[Round "7.5"]
[White "Foisor, Mihaela Veronica"]
[Black "Schoene, Maria"]
[Result "0-1"]
[WhiteElo "2217"]
[BlackElo "2190"]
[PlyCount "76"]
[EventDate "2012.10.06"]
[WhiteTeam "SF Deizisau"]
[BlackTeam "SC Bad Koenigshofen 1957"]
[WhiteTeamCountry "GER"]
[BlackTeamCountry "GER"]

1. d4 Nf6 2. c4 g6 3. Nc3 Bg7 4. Nf3 d6 5. Bg5 h6 6. Bh4 g5 7. Bg3 Nh5 8. e3 e6
9. Nd2 Nxg3 10. hxg3 Qe7 11. Be2 O-O 12. g4 Nd7 13. Qc2 a6 14. O-O-O c5 15. Rh3
b5 16. Rdh1 Nb6 17. dxc5 dxc5 18. f4 f5 19. gxf5 exf5 20. Bf3 Rb8 21. fxg5 Qxg5
22. cxb5 axb5 23. Kb1 Be6 24. e4 Na4 25. e5 Rfd8 26. Nf1 Bxe5 27. Rxh6 Nxc3+
28. bxc3 Bc4 29. Be2 Qxg2 30. Qxf5 Rd1+ 31. Bxd1 Qxa2+ 32. Kc1 Qa1+ 33. Qb1
Qxc3+ 34. Qc2 Bf4+ 35. Kb1 Qb4+ 36. Qb2 Bd3+ 37. Bc2 Qe1+ 38. Ka2 Ra8+ 0-1

[Event "FBL 1"]
[Site "Deutschland"]
[Date "2013.01.20"]
[Round "7.6"]
[White "Gromova, Julia"]
[Black "Gabriel, Marina"]
[Result "1-0"]
[WhiteElo "2226"]
[BlackElo "1991"]
[PlyCount "83"]
[EventDate "2012.10.06"]
[WhiteTeam "SC Bad Koenigshofen 1957"]
[BlackTeam "SF Deizisau"]
[WhiteTeamCountry "GER"]
[BlackTeamCountry "GER"]

1. d4 Nf6 2. c4 c5 3. d5 e6 4. Nc3 exd5 5. cxd5 d6 6. Nf3 g6 7. e4 Bg7 8. Be2
O-O 9. O-O Bg4 10. Bf4 Bxf3 11. Bxf3 Ne8 12. Qc2 Nd7 13. h3 Ne5 14. Be2 Nc7 15.
Bh2 a6 16. a4 b6 17. Rfe1 Re8 18. Rad1 Rb8 19. f4 Nd7 20. Bg4 Bd4+ 21. Kh1 b5
22. Bg1 Bxg1 23. Kxg1 b4 24. Nb1 f6 25. Nd2 Kg7 26. Nc4 h5 27. Bf3 Nb6 28. Na5
Qd7 29. Nc6 Ra8 30. a5 Nc8 31. e5 fxe5 32. fxe5 dxe5 33. Nxe5 Qd6 34. Nc4 Rxe1+
35. Rxe1 Qf4 36. d6 Nxd6 37. Nxd6 Qxd6 38. Bxa8 Nxa8 39. Qe4 Qd2 40. Rf1 Qd8
41. Qe5+ Kh6 42. Rf7 1-0

[Event "FBL 1"]
[Site "Deutschland"]
[Date "2013.01.20"]
[Round "7.1"]
[White "Jaracz, Barbara"]
[Black "Kononenko, Tatiana"]
[Result "1/2-1/2"]
[WhiteElo "2312"]
[BlackElo "2374"]
[PlyCount "38"]
[EventDate "2012.10.06"]
[WhiteTeam "SV Chemie Guben 1990"]
[BlackTeam "USV Volksbank Halle"]
[WhiteTeamCountry "GER"]
[BlackTeamCountry "GER"]

1. e4 e6 2. d4 d5 3. Nd2 c5 4. exd5 exd5 5. Ngf3 Nf6 6. Bb5+ Bd7 7. Bxd7+ Nbxd7
8. O-O Be7 9. dxc5 Nxc5 10. Nb3 Nce4 11. Nfd4 Nd6 12. c3 O-O 13. Nc5 Qc8 14.
Nd3 Nf5 15. Nxf5 Qxf5 16. Be3 Bd6 17. f3 Rfe8 18. Qd2 h5 19. Bf4 Rad8 1/2-1/2

[Event "FBL 1"]
[Site "Deutschland"]
[Date "2013.01.20"]
[Round "7.2"]
[White "Matnadze, Ana"]
[Black "Sikorska, Agata"]
[Result "1-0"]
[WhiteElo "2418"]
[BlackElo "2110"]
[PlyCount "93"]
[EventDate "2012.10.06"]
[WhiteTeam "USV Volksbank Halle"]
[BlackTeam "SV Chemie Guben 1990"]
[WhiteTeamCountry "GER"]
[BlackTeamCountry "GER"]

1. d4 d5 2. Nf3 Nf6 3. g3 Bf5 4. Bg2 h6 5. O-O e6 6. c4 c6 7. Nc3 Nbd7 8. Qb3
Qb6 9. c5 Qxb3 10. axb3 Be7 11. b4 O-O 12. b5 cxb5 13. Nxb5 a6 14. Nc3 Rfc8 15.
b4 Ne4 16. Na4 Bh7 17. Be3 Rc6 18. Rfc1 Bf6 19. Nb2 b5 20. Nd3 Be7 21. Nde5
Nxe5 22. dxe5 Rcc8 23. Nd4 f6 24. Bh3 fxe5 25. Bxe6+ Kf8 26. Bxc8 Rxc8 27. Nf3
d4 28. Bd2 Nxd2 29. Nxd2 Bg5 30. f4 exf4 31. Rf1 Rc6 32. gxf4 Bf6 33. Nf3 Kg8
34. Ra3 Re6 35. Kf2 Be4 36. Rd1 Bb7 37. Nxd4 Bh4+ 38. Kf1 Rf6 39. e3 g5 40. f5
g4 41. Rc3 Rf7 42. c6 Bc8 43. e4 Be7 44. Nc2 Bf6 45. Rc5 Rc7 46. Ne3 Be7 47.
Nd5 1-0

[Event "FBL 1"]
[Site "Deutschland"]
[Date "2013.01.20"]
[Round "7.3"]
[White "Wisniowska, Klaudia"]
[Black "Madl, Ildiko"]
[Result "1/2-1/2"]
[WhiteElo "2187"]
[BlackElo "2329"]
[PlyCount "136"]
[EventDate "2012.10.06"]
[WhiteTeam "SV Chemie Guben 1990"]
[BlackTeam "USV Volksbank Halle"]
[WhiteTeamCountry "GER"]
[BlackTeamCountry "GER"]

1. e4 c5 2. Nf3 d6 3. d4 cxd4 4. Nxd4 Nf6 5. Nc3 Nc6 6. Bg5 e6 7. Qd2 a6 8.
O-O-O Be7 9. f3 Nxd4 10. Qxd4 b5 11. Kb1 Bb7 12. Be3 Rc8 13. Qd2 Qc7 14. g4 b4
15. Ne2 d5 16. g5 Nd7 17. f4 dxe4 18. Ng3 Bd5 19. Bg2 Qc6 20. Bxe4 Bxe4 21.
Nxe4 O-O 22. Ng3 Rfd8 23. Qf2 Nc5 24. f5 Rxd1+ 25. Rxd1 Ne4 26. Nxe4 Qxe4 27.
f6 Bf8 28. Bc1 Qc6 29. h4 g6 30. Qe2 a5 31. h5 gxh5 32. Qd3 h4 33. Rg1 Qc4 34.
Rh1 Rc5 35. b3 Qxd3 36. cxd3 h6 37. Rxh4 hxg5 38. Rh5 Bd6 39. Be3 Rf5 40. Rxg5+
Rxg5 41. Bxg5 Kh7 42. Be3 Kg6 43. Bb6 Kxf6 44. Bxa5 Ke5 45. Bb6 Kf4 46. Kc2 Kg3
47. d4 f5 48. Bc5 Bc7 49. Bxb4 f4 50. Be1+ Kg2 51. b4 f3 52. b5 Ba5 53. Bh4 f2
54. Bxf2 Kxf2 55. Kd3 Kf3 56. Kc4 Bb6 57. a4 Ke4 58. a5 Bxa5 59. Kc5 Bc7 60.
Kc6 Bf4 61. Kd7 Kd5 62. b6 Bg3 63. Ke7 Bh4+ 64. Kf7 Bf2 65. b7 Bg3 66. Ke7 Bb8
67. Kf7 Bd6 68. Kf6 Bb8 1/2-1/2

[Event "FBL 1"]
[Site "Deutschland"]
[Date "2013.01.20"]
[Round "7.4"]
[White "Melamed, Tetyana"]
[Black "Sikorska, Dorota"]
[Result "1/2-1/2"]
[WhiteElo "2353"]
[BlackElo "1952"]
[PlyCount "41"]
[EventDate "2012.10.06"]
[WhiteTeam "USV Volksbank Halle"]
[BlackTeam "SV Chemie Guben 1990"]
[WhiteTeamCountry "GER"]
[BlackTeamCountry "GER"]

1. e4 e6 2. d4 d5 3. Nc3 Bb4 4. e5 c5 5. dxc5 Bxc3+ 6. bxc3 Qa5 7. Nf3 Qxc3+ 8.
Bd2 Qxc5 9. Bd3 b6 10. Rb1 Ba6 11. Bb4 Qc8 12. O-O Nc6 13. Ng5 Bxd3 14. cxd3
Nxb4 15. Rxb4 Nh6 16. Rh4 Qd7 17. Qc2 Rc8 18. Qb1 Qc7 19. d4 Nf5 20. Rf4 h6 21.
Nf3 1/2-1/2